Conflict prevention (Бичлэгийн дугаар. 145597)
| 000 -УДИРДЛАГА | |
|---|---|
| Удирдлага | 00971nam a22003017a 4500 |
| 003 - ХЯНАЛТЫН ТОО ТОДОРХОЙЛОГЧ | |
| Код | MN-UlNUM |
| 005 - БИЧИЛТ ХИЙСЭН ОГНОО | |
| Тухайн бичилтийг бичсэн засварласан сүүлийн огноо | 20251114110154.0 |
| 008 - ЕРӨНХИЙ МЭДЭЭЛЭЛ | |
| Ерөнхий мэдээлэл | 251114s2003 couab||| |||| 001 0 eng | |
| 020 ## - ISBN | |
| ISBN | 1588261360 |
| 040 ## - БИЧЛЭГ ҮҮСГЭГЧ БАЙГУУЛЛАГА | |
| Бичлэг үүсгэгч номын сангийн код | МУИС-ийн номын сан |
| 084 ## - ББК АНГИЛАЛ | |
| Нэмэлт тусгалт | Нэг сэдэвт бүтээл |
| ББК ангилал | 65.290-2 |
| Зохиогчийн гурван тэмдэгт | W 54 |
| Мэдлэгийн ялгаа | 65 - Эдийн засаг |
| 100 1# - ЗОХИОГЧ | |
| Зохиогчийн нэр | Wenger, Andreas. |
| 245 10 - ҮНДСЭН ГАРЧИГ | |
| Номын нэр | Conflict prevention |
| Бага гарчгийн мэдээ | the untapped potential of the business sector |
| Оролцогчдын тухай мэдээ | Andreas Wenger, and Daniel Möckli. |
| 260 ## - ГАРАЛТЫН МЭДЭЭ | |
| Хэвлэгдсэн газар | Boulder, Colo. : |
| Хэвлэлийн газар | Lynne Rienner Publishers, |
| Хэвлэгдсэн он | 2003. |
| 300 ## - МАТЕРИАЛЫН ТОДОРХОЙЛОЛТ | |
| хуудасны тоо | viii, 233 p. : |
| Бусад тоон мэдээлэл | ill. ; |
| Хэмжээ | 24 cm. |
| 500 ## - Тайлбар | |
| Дансны дугаар | БС 2106 |
| 546 ## - ХЭЛНИЙ ТУХАЙ МЭДЭЭ | |
| Хэл | Англи хэл дээр, |
| 653 ## - Түлхүүр үг | |
| Түлхүүр үг | conflict management. |
| 653 ## - Түлхүүр үг | |
| Түлхүүр үг | pacific settlement of international disputes |
| 653 ## - Түлхүүр үг | |
| Түлхүүр үг | social responsibility of business |
| 700 1# - ХАМ ЗОХИОГЧИД | |
| Ба бус | Möckli, Daniel. |
| 740 ## - НОМЫН ГАРЧИГ | |
| Гарчиг | Introduction |
| 740 ## - НОМЫН ГАРЧИГ | |
| Гарчиг | Toward a Culture of Prevention |
| 740 ## - НОМЫН ГАРЧИГ | |
| Гарчиг | Assessing Conflict Prevention Today |
| 740 ## - НОМЫН ГАРЧИГ | |
| Гарчиг | Bringing In the Business Sector |
| 942 ## - ЭЛЕМЕНТИЙН ТӨРӨЛ | |
| Зүйлийн төрөл | Ном |
